| 000 | 00715nam a2200193 i 4500 | ||
|---|---|---|---|
| 001 | 100023 | ||
| 003 | ES-MaACL | ||
| 005 | 20250915063041.0 | ||
| 007 | t| | ||
| 008 | 050921s1984 mx ||||1| spa d | ||
| 100 | 1 |
_aMartínez Val, José María, _d1916- _978455 |
|
| 245 | 1 | 0 |
_aDelito de secuestro e intervención profesional del abogado / _cJosé Mª. Martínez Val. |
| 260 |
_aMéxico : _bUNAM, Instituto de Investigaciones Jurídicas, _c1984. |
||
| 300 |
_a6 h. ; _c24 cm. |
||
| 500 | _aSeparata de : Boletín mexicano de derecho comparado, A. XVII, 1984, Nº 50. | ||
| 710 | 1 |
_aInstituto de Investigaciones Jurídicas (México) _94972 |
|
| 852 |
_aES-MaACL _j2142-F-13 _bR.343432 |
||
| 999 |
_c100023 _d100023 |
||